000 00593nam a2200181Ia 4500
008 151018s9999 xx 000 0 und d
082 _bRBASDV17441
_a891.463
100 _aवसंत शिरवाडकर
245 _aसागराच्या उदरात
250 _b1
260 _bपृथ्वी
_c1984
300 _a68
600 _aवसंत शिरवाडकर
630 _aसागराच्या उदरात
700 _aवसंत शिरवाडकर
730 _aसागराच्या उदरात
942 _cBOOK
999 _c1018119
_d1018116